000
00332nam a2200133Ia 4500
008
180207s9999 xx 000 0 und d
020
_a
9788178130248
050
_b
J121 [2001]
245
_a
Jack and the beanstalk /
260
_a
India :
260
_b
Sunrise Publishers,
300
_a
unpaged :
300
_b
color illustration ;
999
_c
355185
_d
355185